| 000 | 00886nam a2200277Ia 4500 | ||
|---|---|---|---|
| 003 | OSt | ||
| 005 | 20220927110639.0 | ||
| 006 | a|||||r|||| 00| 0 | ||
| 007 | ta | ||
| 008 | 220926b |||||||| |||| 00| 0 eng d | ||
| 024 | _a122909 | ||
| 037 | _cReports | ||
| 040 |
_aRTL _cRTL _beng |
||
| 041 |
_2eng _aeng |
||
| 082 | _a"T:893.2.N46t, (GD)" | ||
| 110 |
_a"India, Government of..... Education (Department of...)" _9379573 |
||
| 111 |
_aOverseas Scholarships (Selection Board)(Chairman : Maurice Gwyer) (1946 : ) _9379574 |
||
| 245 | 0 | _aReport | |
| 260 |
_aDelhi _bManager of Publications India |
||
| 300 |
_a44p. _ccm. |
||
| 650 | _a Education | ||
| 650 | _aEducational Management | ||
| 700 |
_a"India, Government of..... Education (Department of...)" _9379575 |
||
| 942 |
_h"T:893.2.N46t, (GD)" _cCC |
||
| 999 |
_c697502 _d697502 |
||